Druhý pilier bankovej únie a jeho výzvy

Analýza návrhu nariadenia na vytvorenie druhého piliera bankovej únie, ktorý Európska komisia zverejnila v júli 2013.

Uložené v:
Podrobná bibliografia
Hlavný autor: Čillíková, Júlia
Ďalší autori: Dvořáček, Vladimír, Pénzeš, Peter
Médium: Kapitola
Jazyk:Slovak
Predmet:
Tagy: Pridať tag
Žiadne tagy, Buďte prvý, kto otaguje tento záznam!

MARC

LEADER 00000naa a2200000 4500
001 0176575
005 20231116095312.5
041 0 |a slo 
044 |a SK 
245 1 0 |a Druhý pilier bankovej únie a jeho výzvy  |c Júlia Čillíková, Vladimír Dvořáček, Peter Pénzeš 
520 |a Analýza návrhu nariadenia na vytvorenie druhého piliera bankovej únie, ktorý Európska komisia zverejnila v júli 2013. 
610 2 0 |a bankovníctvo 
610 2 0 |a Európska komisia 
610 2 0 |a Európska menová únia 
610 2 0 |a kríza finančná 
610 2 0 |a ochrana vkladov 
610 2 0 |a právomoc 
610 2 0 |a manažment krízový 
100 1 |a Čillíková, Júlia 
700 1 |a Dvořáček, Vladimír 
700 1 |a Pénzeš, Peter